00501 a2200217 4500260001000000100002000010440000700030260001100037245006900048300001100117650001200128260000900140300000900149130000800158440004300166710001100209651001200220651001600232651001700248020001800265 aParis aANCEY, Gérard n57 bORSTOM aMonnaie et structures d'exploitations en pays Mosi : Haute Volta a240 p. aMonnaie c1983 bill. lFr. aInitiations - Documentation Techniques aORSTOM aAfrique aHaute-Volta aBurkina Faso a2-7099-0671-6